<?xml version="1.0" encoding="UTF-8"?>
<record
    xmlns:xsi="http://www.w3.org/2001/XMLSchema-instance"
    xsi:schemaLocation="http://www.loc.gov/MARC21/slim http://www.loc.gov/standards/marcxml/schema/MARC21slim.xsd"
    xmlns="http://www.loc.gov/MARC21/slim">

  <leader>00771nam a22001937a 4500</leader>
  <controlfield tag="005">20120119120134.0</controlfield>
  <datafield tag="020" ind1=" " ind2=" ">
    <subfield code="a">9788179933725</subfield>
    <subfield code="c">570.00 (set of 6 books)</subfield>
  </datafield>
  <datafield tag="020" ind1=" " ind2=" ">
    <subfield code="a">9788179934197 </subfield>
  </datafield>
  <datafield tag="100" ind1=" " ind2=" ">
    <subfield code="a">Bagai, Shona</subfield>
    <subfield code="9">39673</subfield>
  </datafield>
  <datafield tag="245" ind1=" " ind2=" ">
    <subfield code="a">All about beaks /</subfield>
    <subfield code="c">by Shona Bagai; edited by Anupama Jauhry</subfield>
  </datafield>
  <datafield tag="260" ind1=" " ind2=" ">
    <subfield code="a">New Delhi</subfield>
    <subfield code="b">The Energy and Resources Institute, TERI Press,</subfield>
    <subfield code="c">2011</subfield>
  </datafield>
  <datafield tag="270" ind1=" " ind2=" ">
    <subfield code="a">Darbari Seth Block, IHC Complex, Lodhi Road</subfield>
    <subfield code="b">New Delhi</subfield>
    <subfield code="e">110003</subfield>
    <subfield code="k">26482100/4150</subfield>
  </datafield>
  <datafield tag="300" ind1=" " ind2=" ">
    <subfield code="a">22p</subfield>
    <subfield code="b">ill (col)</subfield>
    <subfield code="c">26cm (Pbk)</subfield>
  </datafield>
  <datafield tag="490" ind1=" " ind2=" ">
    <subfield code="a">Designed to survive</subfield>
    <subfield code="9">39674</subfield>
  </datafield>
  <datafield tag="500" ind1=" " ind2=" ">
    <subfield code="a">set of 6 books</subfield>
  </datafield>
  <datafield tag="700" ind1=" " ind2=" ">
    <subfield code="a">Jauhry, Anupama</subfield>
    <subfield code="9">39670</subfield>
  </datafield>
  <datafield tag="942" ind1=" " ind2=" ">
    <subfield code="2">ddc</subfield>
    <subfield code="c">CH</subfield>
    <subfield code="m">BAG</subfield>
  </datafield>
  <datafield tag="999" ind1=" " ind2=" ">
    <subfield code="c">61195</subfield>
    <subfield code="d">61195</subfield>
  </datafield>
  <datafield tag="952" ind1=" " ind2=" ">
    <subfield code="0">0</subfield>
    <subfield code="1">0</subfield>
    <subfield code="4">0</subfield>
    <subfield code="7">-1</subfield>
    <subfield code="8">NFIC</subfield>
    <subfield code="a">AG</subfield>
    <subfield code="b">AG</subfield>
    <subfield code="d">2012-01-19</subfield>
    <subfield code="g">570.00</subfield>
    <subfield code="l">0</subfield>
    <subfield code="o">BAG</subfield>
    <subfield code="r">2012-01-19 00:00:00</subfield>
    <subfield code="t">1</subfield>
    <subfield code="v">570.00</subfield>
    <subfield code="w">2012-01-19</subfield>
    <subfield code="y">CH</subfield>
  </datafield>
</record>
